00771nam a2200205Ia 4500003000900000008004100009040001600050080002300066110003300089245014200122260005000264300000800314500002800322650003300350650001800383650002100401942000700422999001500429952012100444IN-BaIIA211028s9999 xx 000 0 eng d cIIA Library a083.7:621.882bISI aIndian Standards Institution 0aIndian standard methods of evaluating dynamic load ratings of rolling bearingsbpt. 3, thrust ball bearingscIndian Standards Institution aNew DelhibIndian Standards Institutionc1971 a6p. aIS 3824 : Part 3 : 1966 a Bearings - standards99129 a Standards  aNASA thesaurus  cBK c5137d5137 00104070aBANbBANcGENd1976-12-22g5.00l0o083.7:621.882/ ISIp5737r2021-11-05v5.00w1976-12-22yBKGRs. 5.00